| 000 | 00292nmm a2200085Ia 4500 | ||
|---|---|---|---|
| 008 | 220120s9999||||xx |||||||||||||||||und|| | ||
| 100 |
_aCohoon, James, P and Davidson, Jack, W _95964 |
||
| 245 | 0 | _aC++ Program design, 3ed edition, EZ windows, API , Source & | |
| 260 | _aTata mcgraw hill company Ltd | ||
| 999 |
_c139453 _d139453 |
||